000 00397nam a2200133Ia 4500
008 191206s9999 xx 000 0 und d
020 _a30202566
090 _aPE1112H38
245 0 _a"The Portable English handbook: An index to grammar, usage, and the research paper"
260 _a"Holt, Rinehart and Winston"
260 _ccc1978
300 _a"xv, 440 p. ; 19 cm."
999 _c17124
_d17124